[Event "Torneo Francisco Benko in Memorian"]
[Site "Buenos Aires ARG"]
[Date "2010.02.08"]
[Round "1.1"]
[White "Bronstein, Luis Marcos"]
[Black "Piñeiro, Dario"]
[Result "1-0"]
[WhiteElo "2386"]
[BlackElo "1984"]
[PlyCount "105"]
[EventDate "2010.02.08"]
[EventType "swiss"]
[EventRounds "9"]
[EventCountry "ARG"]
[Source "lmi"]
[SourceDate "2010.02.08"]

1. d4 f5 2. Nf3 Nf6 3. Bg5 e6 4. Nbd2 Nc6 5. c3 Be7 6. Bxf6 Bxf6 7. e4 fxe4 8.
Nxe4 d6 9. Bd3 Bd7 10. Nfg5 Bxg5 11. Qh5+ g6 12. Qxg5 Qxg5 13. Nxg5 O-O 14. O-O
h6 15. Nf3 Kg7 16. Rae1 Rae8 17. Re3 Ne7 18. Rfe1 Nd5 19. Re4 Nf4 20. R4e3 Nd5
21. R3e2 Nf4 22. Rd2 Nxd3 23. Rxd3 Bc6 24. Nd2 Rf5 25. Rde3 Kf6 26. f3 h5 27.
h4 g5 28. hxg5+ Rxg5 29. Kf2 Kf5 30. Nf1 Reg8 31. g4+ hxg4 32. Ng3+ Kg6 33. f4
Rf5 34. Rxe6+ Rf6 35. f5+ Kg5 36. Rxf6 Kxf6 37. Re6+ Kf7 38. Rh6 Bf3 39. Ke3
Bd1 40. Kf4 Bf3 41. Rh7+ Rg7 42. Rxg7+ Kxg7 43. Nf1 Bd5 44. a3 c5 45. Ne3 Bg8
46. dxc5 dxc5 47. Nxg4 b5 48. Ke5 a5 49. Kd6 b4 50. Ke7 bxa3 51. bxa3 c4 52.
Ne5 Kh6 53. f6 1-0

[Event "Torneo Francisco Benko in Memorian"]
[Site "Buenos Aires ARG"]
[Date "2010.02.08"]
[Round "1.2"]
[White "Rasgido, Alejandro"]
[Black "Filgueira, Hernan Ramon"]
[Result "1/2-1/2"]
[WhiteElo "1978"]
[BlackElo "2358"]
[PlyCount "28"]
[EventDate "2010.02.08"]
[EventType "swiss"]
[EventRounds "9"]
[EventCountry "ARG"]
[Source "lmi"]
[SourceDate "2010.02.08"]

1. d4 c5 2. c3 e6 3. Nf3 Nf6 4. Bg5 b6 5. e4 h6 6. Bxf6 Qxf6 7. Nbd2 cxd4 8. e5
Qd8 9. cxd4 d5 10. Rc1 Bd7 11. Bd3 Nc6 12. a3 Be7 13. O-O g5 14. b4 a6 1/2-1/2

[Event "Torneo Francisco Benko in Memorian"]
[Site "Buenos Aires ARG"]
[Date "2010.02.08"]
[Round "1.4"]
[White "Benedetti, Claudio"]
[Black "Seidler, Aldo Emilio"]
[Result "1/2-1/2"]
[WhiteElo "1952"]
[BlackElo "2299"]
[PlyCount "68"]
[EventDate "2010.02.08"]
[EventType "swiss"]
[EventRounds "9"]
[EventCountry "ARG"]
[Source "lmi"]
[SourceDate "2010.02.08"]

1. d4 Nf6 2. c4 g6 3. Nc3 Bg7 4. e4 d6 5. Nf3 O-O 6. Be2 c6 7. O-O Bg4 8. h3
Bxf3 9. Bxf3 e5 10. Be3 Nbd7 11. Qd2 Ne8 12. dxe5 Nxe5 13. Be2 Qe7 14. Rad1 f6
15. Rfe1 Nf7 16. Bf1 Nc7 17. b4 Rfd8 18. Qc1 h5 19. f4 g5 20. Be2 h4 21. Bh5
Bh6 22. Rf1 Ne6 23. Bxf7+ Qxf7 24. fxg5 Nxg5 25. Rf5 Qg6 26. Rdf1 Rf8 27. Kh1
Rae8 28. Qd2 Rxe4 29. Bxg5 Bxg5 30. Qxg5 fxg5 31. Rxf8+ Kg7 32. Nxe4 Qxe4 33.
R1f7+ Kg6 34. Rf6+ Kg7 1/2-1/2

[Event "Torneo Francisco Benko in Memorian"]
[Site "Buenos Aires ARG"]
[Date "2010.02.08"]
[Round "1.5"]
[White "Ambrogi, Agustin"]
[Black "Benedetti, Julio Luis"]
[Result "1/2-1/2"]
[WhiteElo "2247"]
[BlackElo "1915"]
[PlyCount "37"]
[EventDate "2010.02.08"]
[EventType "swiss"]
[EventRounds "9"]
[EventCountry "ARG"]
[Source "lmi"]
[SourceDate "2010.02.08"]

1. e4 Nc6 2. Nf3 e5 3. Bc4 Nf6 4. Ng5 Bc5 5. Bxf7+ Ke7 6. Bd5 Rf8 7. O-O d6 8.
Bxc6 bxc6 9. c3 Bg4 10. Qa4 Be2 11. d4 Bxf1 12. Kxf1 Bb6 13. Qxc6 h6 14. Nf3
Qd7 15. Qc4 Nxe4 16. Be3 Qe6 17. Qc6 Nf6 18. dxe5 dxe5 19. Bc5+ 1/2-1/2

[Event "Torneo Francisco Benko in Memorian"]
[Site "Buenos Aires ARG"]
[Date "2010.02.10"]
[Round "1.17"]
[White "Obregon, Andres Carlos"]
[Black "Anaya, Mario Manuel"]
[Result "1-0"]
[WhiteElo "2443"]
[BlackElo "1919"]
[PlyCount "79"]
[EventDate "2010.02.08"]
[EventType "swiss"]
[EventRounds "9"]
[EventCountry "ARG"]
[Source "lmi"]
[SourceDate "2010.02.08"]

1. e4 e6 2. d4 b6 3. Bd3 Bb7 4. Nf3 Nf6 5. Qe2 Be7 6. O-O d5 7. e5 Nfd7 8. c3
c5 9. Nbd2 Nc6 10. a3 Qc7 11. b4 c4 12. Bc2 b5 13. a4 a6 14. Re1 O-O-O 15. Nf1
h6 16. h4 Rdg8 17. g4 Nf8 18. Rb1 f6 19. Ng3 fxe5 20. dxe5 Nd7 21. Nh5 g5 22.
axb5 axb5 23. Nd4 Nxd4 24. cxd4 gxh4 25. f4 Qd8 26. Kh2 Kb8 27. f5 exf5 28.
gxf5 Qc7 29. Bf4 Bg5 30. Rg1 Bxf4+ 31. Nxf4 Rg3 32. Ng6 Rg8 33. Nxh4 Rxg1 34.
Rxg1 Rxg1 35. Kxg1 Qd8 36. Nf3 Qg8+ 37. Kf2 Qf8 38. e6 Nf6 39. e7 Ne4+ 40. Qxe4
1-0

[Event "Torneo Francisco Benko in Memorian"]
[Site "Buenos Aires ARG"]
[Date "2010.02.10"]
[Round "1.19"]
[White "Spata, German"]
[Black "Valente, Hector Manuel"]
[Result "1-0"]
[WhiteElo "2288"]
[BlackElo "1888"]
[PlyCount "79"]
[EventDate "2010.02.08"]
[EventType "swiss"]
[EventRounds "9"]
[EventCountry "ARG"]
[Source "lmi"]
[SourceDate "2010.02.08"]

1. e4 e6 2. d4 d5 3. Nc3 Nf6 4. e5 Nfd7 5. f4 c5 6. Nf3 Nc6 7. Be3 a6 8. Qd2
cxd4 9. Nxd4 Nxd4 10. Bxd4 Bc5 11. O-O-O Bxd4 12. Qxd4 Qb6 13. Qd3 Nc5 14. Qg3
g6 15. Qg5 Bd7 16. Qf6 Rg8 17. Nxd5 Qd8 18. Qxd8+ Rxd8 19. Nf6+ Ke7 20. Nxd7
Rxd7 21. Rxd7+ Kxd7 22. Be2 Rc8 23. Rd1+ Kc7 24. Bf3 a5 25. b3 Rd8 26. Rxd8
Kxd8 27. Kd2 Ke7 28. c3 b6 29. b4 axb4 30. cxb4 Na6 31. Kc3 h6 32. a4 Kd7 33.
Kc4 Nc7 34. b5 Kc8 35. Bc6 Kb8 36. Kb4 Kc8 37. a5 Nd5+ 38. Bxd5 bxa5+ 39. Kxa5
exd5 40. Kb4 1-0

[Event "Torneo Francisco Benko in Memorian"]
[Site "Buenos Aires ARG"]
[Date "2010.02.10"]
[Round "1.20"]
[White "Maldonado, Oscar Lorenzo"]
[Black "Cappareli, Damian"]
[Result "0-1"]
[WhiteElo "1764"]
[BlackElo "2288"]
[PlyCount "74"]
[EventDate "2010.02.08"]
[EventType "swiss"]
[EventRounds "9"]
[EventCountry "ARG"]
[Source "lmi"]
[SourceDate "2010.02.08"]

1. d4 g6 2. c4 Bg7 3. Nf3 d6 4. Bf4 c5 5. e3 Nf6 6. Bd3 Nc6 7. a3 cxd4 8. exd4
d5 9. O-O O-O 10. Nc3 Bg4 11. h3 Bxf3 12. Qxf3 Nxd4 13. Qd1 Rc8 14. Rc1 dxc4
15. Bb1 Nb3 16. Rc2 Qxd1 17. Rxd1 Rfd8 18. Re1 Nd5 19. Nxd5 Rxd5 20. Rxe7 Rd1+
21. Kh2 Rxb1 22. Rxc4 Rf8 23. Rce4 Nc5 24. Re3 Rxb2 25. Re8 Ne6 26. Rxf8+ Bxf8
27. Be5 Rxf2 28. Rc3 Rf5 29. Bg3 Rc5 30. Rd3 h5 31. Rd7 Rb5 32. a4 Rb4 33. a5
h4 34. Bf2 Rb5 35. Bxa7 Rxa5 36. Rxb7 Bd6+ 37. Kg1 Rxa7 0-1

[Event "Torneo Francisco Benko in Memorian"]
[Site "Buenos Aires ARG"]
[Date "2010.02.11"]
[Round "2.1"]
[White "Malajovich, Sandra"]
[Black "Obregon, Andres Carlos"]
[Result "0-1"]
[WhiteElo "2114"]
[BlackElo "2443"]
[PlyCount "80"]
[EventDate "2010.02.08"]
[EventType "swiss"]
[EventRounds "9"]
[EventCountry "ARG"]
[Source "lmi"]
[SourceDate "2010.02.08"]

1. Nf3 d5 2. d4 Nc6 3. Bf4 Bg4 4. e3 e6 5. Nbd2 Bd6 6. Bxd6 cxd6 7. c4 dxc4 8.
Bxc4 d5 9. Bb5 Nge7 10. O-O O-O 11. Rc1 Rc8 12. Qb3 Bxf3 13. Nxf3 Na5 14. Rxc8
Nxc8 15. Qc3 Nd6 16. Bd3 Nc6 17. Rc1 Qd7 18. Bb1 Rc8 19. Qd3 g6 20. Nd2 Kg7 21.
Qf1 a5 22. Rc5 b6 23. Rc3 Nb4 24. Qc1 Rxc3 25. bxc3 Qc6 26. Qb2 Na6 27. Bd3 Nc7
28. Qb3 Ncb5 29. c4 dxc4 30. Nxc4 Nxc4 31. Bxc4 Nd6 32. Bf1 b5 33. f3 Qc1 34.
Kf2 a4 35. Qd3 Qb2+ 36. Be2 Qxa2 37. Qc3 Qb3 38. Qc7 Nf5 39. Qf4 a3 40. g4
Qxe3+ 0-1

[Event "Torneo Francisco Benko in Memorian"]
[Site "Buenos Aires ARG"]
[Date "2010.02.11"]
[Round "2.2"]
[White "Liascovich, Lucas Agustin"]
[Black "Preuss, Maximiliano"]
[Result "1-0"]
[WhiteElo "2425"]
[BlackElo "2149"]
[PlyCount "79"]
[EventDate "2010.02.08"]
[EventType "swiss"]
[EventRounds "9"]
[EventCountry "ARG"]
[Source "lmi"]
[SourceDate "2010.02.08"]

1. d4 Nf6 2. Nf3 g6 3. Nc3 Bg7 4. e4 d6 5. Be2 O-O 6. O-O Bg4 7. Be3 Nc6 8. d5
Bxf3 9. Bxf3 Ne5 10. Be2 e6 11. f4 Ned7 12. dxe6 fxe6 13. a4 Qe7 14. a5 a6 15.
Kh1 Rad8 16. Qe1 c5 17. Bf3 Nb8 18. Na4 Nfd7 19. Rd1 Nc6 20. Bg4 Nf6 21. Bf3
Nd7 22. h4 e5 23. f5 gxf5 24. exf5 Kh8 25. g4 e4 26. Bg2 Bd4 27. g5 d5 28. f6
Qf7 29. Bf4 Be5 30. c4 Bxf4 31. Rxf4 Nde5 32. cxd5 Nd3 33. Qxe4 Nxf4 34. Qxf4
Nd4 35. Nxc5 Nb5 36. Ne6 Rc8 37. Nxf8 Rxf8 38. Re1 Re8 39. Rxe8+ Qxe8 40. f7
1-0

[Event "Torneo Francisco Benko in Memorian"]
[Site "Buenos Aires ARG"]
[Date "2010.02.11"]
[Round "2.3"]
[White "Negri, Santiago"]
[Black "Bronstein, Luis Marcos"]
[Result "0-1"]
[WhiteElo "2104"]
[BlackElo "2363"]
[PlyCount "36"]
[EventDate "2010.02.08"]
[EventType "swiss"]
[EventRounds "9"]
[EventCountry "ARG"]
[Source "lmi"]
[SourceDate "2010.02.08"]

1. d4 Nf6 2. c4 e6 3. Nf3 d5 4. Nc3 Bb4 5. Bg5 Nbd7 6. e3 c5 7. a3 Bxc3+ 8.
bxc3 Qa5 9. Rc1 O-O 10. Bd3 cxd4 11. exd4 dxc4 12. Bxc4 b6 13. Qe2 Bb7 14. Ne5
Nxe5 15. dxe5 Ne4 16. Bf4 Rac8 17. Bd3 Nxc3 18. Qd2 Rfd8 0-1

[Event "Torneo Francisco Benko in Memorian"]
[Site "Buenos Aires ARG"]
[Date "2010.02.11"]
[Round "2.4"]
[White "Vigil, Lucas Sebastian"]
[Black "Garcia, Raimundo"]
[Result "0-1"]
[WhiteElo "2089"]
[BlackElo "2323"]
[PlyCount "44"]
[EventDate "2010.02.08"]
[EventType "swiss"]
[EventRounds "9"]
[EventCountry "ARG"]
[Source "lmi"]
[SourceDate "2010.02.08"]

1. e4 e6 2. d4 d5 3. Nc3 dxe4 4. Nxe4 Nd7 5. Nf3 Ngf6 6. Ng3 Be7 7. Bd3 O-O 8.
O-O b6 9. Re1 Bb7 10. Bg5 c5 11. c3 cxd4 12. cxd4 Nd5 13. Bxe7 Nxe7 14. Ne4 Nf5
15. Ne5 Nxe5 16. dxe5 Qd5 17. Rc1 Rac8 18. Bb1 Rxc1 19. Qxc1 Rc8 20. Qd1 Nd4
21. Nf6+ gxf6 22. Be4 Ne2+ 0-1

[Event "Torneo Francisco Benko in Memorian"]
[Site "Buenos Aires ARG"]
[Date "2010.02.11"]
[Round "2.5"]
[White "Naspleda, Federico Daniel"]
[Black "Spata, German"]
[Result "1-0"]
[WhiteElo "2070"]
[BlackElo "2288"]
[PlyCount "54"]
[EventDate "2010.02.08"]
[EventType "swiss"]
[EventRounds "9"]
[EventCountry "ARG"]
[Source "lmi"]
[SourceDate "2010.02.08"]

1. e4 c5 2. b3 Nf6 3. Nc3 Nc6 4. f4 d6 5. Qf3 g6 6. Bb2 Bg7 7. h3 O-O 8. O-O-O
Nd4 9. Qe3 e6 10. Nf3 Ne8 11. g4 Bd7 12. g5 Bc6 13. h4 f5 14. h5 b5 15. hxg6
hxg6 16. Bg2 b4 17. exf5 Bxf3 18. Bxf3 gxf5 19. Nb5 Nxf3 20. Qxe6+ Rf7 21. g6
Bxb2+ 22. Kb1 Qf6 23. gxf7+ Qxf7 24. Qxf7+ Kxf7 25. Kxb2 a6 26. Rh3 axb5 27.
Rxf3 Nf6 1-0

[Event "Torneo Francisco Benko in Memorian"]
[Site "Buenos Aires ARG"]
[Date "2010.02.11"]
[Round "2.6"]
[White "Cappareli, Damian"]
[Black "Samur, Arturo Angel"]
[Result "1/2-1/2"]
[WhiteElo "2277"]
[BlackElo "2139"]
[PlyCount "59"]
[EventDate "2010.02.08"]
[EventType "swiss"]
[EventRounds "9"]
[EventCountry "ARG"]
[Source "lmi"]
[SourceDate "2010.02.08"]

1. d4 Nf6 2. c4 c5 3. d5 e5 4. Nc3 d6 5. e4 Be7 6. Bd3 Nbd7 7. Nf3 Nf8 8. h3 h5
9. Be3 h4 10. Qd2 Ng6 11. O-O-O Nh5 12. Rdg1 a6 13. g3 Bd7 14. Nxh4 Nxh4 15.
gxh4 Bxh4 16. Be2 g6 17. Kb1 Qf6 18. Bg4 b5 19. Bxd7+ Kxd7 20. Rg4 Qf3 21. Qd1
Qxd1+ 22. Rxd1 Bd8 23. cxb5 axb5 24. Nxb5 Nf6 25. Rg3 Nxe4 26. Rf3 f5 27. Rg1
f4 28. Bc1 Ng5 29. Rb3 Rb8 30. a4 1/2-1/2

[Event "Torneo Francisco Benko in Memorian"]
[Site "Buenos Aires ARG"]
[Date "2010.02.11"]
[Round "2.7"]
[White "Ibar, Marcelo R"]
[Black "Conde, Adrian"]
[Result "1/2-1/2"]
[WhiteElo "2221"]
[BlackElo "2063"]
[PlyCount "79"]
[EventDate "2010.02.08"]
[EventType "swiss"]
[EventRounds "9"]
[EventCountry "ARG"]
[Source "lmi"]
[SourceDate "2010.02.08"]

1. Nf3 Nf6 2. d4 g6 3. g3 Bg7 4. Bg2 O-O 5. c4 d6 6. Nc3 Nc6 7. O-O e5 8. d5
Ne7 9. e4 Nd7 10. Ne1 f5 11. f3 Nf6 12. Nd3 h6 13. b4 g5 14. c5 g4 15. fxg4
fxe4 16. Nxe4 Nexd5 17. g5 Nxe4 18. Rxf8+ Qxf8 19. Bxe4 Be6 20. gxh6 Bxh6 21.
Qh5 Nf6 22. Bxh6 Nxh5 23. Bxf8 Rxf8 24. Bxb7 Bc4 25. Nf2 d5 26. Ng4 Rb8 27. c6
e4 28. Ne3 Nf6 29. Nxc4 dxc4 30. Rc1 e3 31. Rxc4 Rd8 32. Kf1 Rd2 33. a4 Rxh2
34. Ba6 Rb2 35. Rf4 Kg7 36. Bd3 Nd5 37. Re4 Kf6 38. Bc4 Nxb4 39. Rxe3 Rc2 40.
Bb5 1/2-1/2

[Event "Torneo Francisco Benko in Memorian"]
[Site "Buenos Aires ARG"]
[Date "2010.02.11"]
[Round "2.9"]
[White "Quenallata, Luciano"]
[Black "Lida Garcia, Fernando"]
[Result "1-0"]
[WhiteElo "2173"]
[BlackElo "2050"]
[PlyCount "55"]
[EventDate "2010.02.08"]
[EventType "swiss"]
[EventRounds "9"]
[EventCountry "ARG"]
[Source "lmi"]
[SourceDate "2010.02.08"]

1. c4 f5 2. Nc3 Nf6 3. Nf3 d6 4. g3 e5 5. d3 c6 6. Bg2 g6 7. O-O Bg7 8. Rb1 O-O
9. b4 a5 10. b5 h6 11. bxc6 bxc6 12. Ba3 Kh7 13. Nd2 Rf7 14. Qb3 Rb7 15. Qa4
Ra6 16. Rxb7 Bxb7 17. Rb1 Ra7 18. Qb3 Bf8 19. c5 Kg7 20. cxd6 Bxd6 21. Nc4 Bxa3
22. Qxa3 Nbd7 23. Qd6 Qf8 24. Qc7 Qc8 25. Qxc8 Bxc8 26. Bxc6 Ba6 27. Nb5 Bxb5
28. Rxb5 1-0

[Event "Torneo Francisco Benko in Memorian"]
[Site "Buenos Aires ARG"]
[Date "2010.02.11"]
[Round "2.10"]
[White "Farias, Guillermo"]
[Black "Rodriguez, Esteban Emilio"]
[Result "1/2-1/2"]
[WhiteElo "1937"]
[BlackElo "2173"]
[PlyCount "96"]
[EventDate "2010.02.08"]
[EventType "swiss"]
[EventRounds "9"]
[EventCountry "ARG"]
[Source "lmi"]
[SourceDate "2010.02.08"]

1. e4 c6 2. d4 d5 3. exd5 cxd5 4. Nf3 Bg4 5. Bb5+ Nc6 6. c3 Qb6 7. Be2 e6 8.
Nbd2 Nf6 9. Ne5 Nxe5 10. dxe5 Bxe2 11. Qxe2 Nd7 12. Nb3 Be7 13. Be3 Qc7 14. Bd4
O-O 15. O-O b6 16. f4 g6 17. g4 Kh8 18. f5 gxf5 19. gxf5 Nc5 20. f6 Rg8+ 21.
Kh1 Bf8 22. Nd2 Bh6 23. Rg1 Rg6 24. Rxg6 hxg6 25. Rg1 Kh7 26. Rg4 Rh8 27. Rh4
Kg8 28. Qg2 Bf8 29. Qh3 Rxh4 30. Qxh4 Qc6 31. b3 Ne4 32. Nf3 Qb5 33. c4 Qc6 34.
Qf4 dxc4 35. bxc4 Nd2 36. Qxd2 Qxf3+ 37. Kg1 Qg4+ 38. Kh1 Qh3 39. Kg1 Bh6 40.
Qe2 Bf4 41. c5 Bxh2+ 42. Qxh2 Qg4+ 43. Kf1 Qd1+ 44. Kg2 Qxd4 45. Qh6 Qe4+ 46.
Kg1 Qe1+ 47. Kg2 Qe4+ 48. Kg1 Qe1+ 1/2-1/2

[Event "Torneo Francisco Benko in Memorian"]
[Site "Buenos Aires ARG"]
[Date "2010.02.15"]
[Round "3.2"]
[White "Garcia, Raimundo"]
[Black "Liascovich, Lucas Agustin"]
[Result "0-1"]
[WhiteElo "2323"]
[BlackElo "2425"]
[PlyCount "63"]
[EventDate "2010.02.08"]
[EventType "swiss"]
[EventRounds "9"]
[EventCountry "ARG"]
[Source "lmi"]
[SourceDate "2010.02.08"]

1. Nf3 Nf6 2. c4 g6 3. Nc3 d5 4. cxd5 Nxd5 5. e4 Nxc3 6. bxc3 Bg7 7. d4 c5 8.
Be3 O-O 9. Qd2 Qa5 10. Rb1 a6 11. Rc1 Bg4 12. Ng5 Nc6 13. h3 Bd7 14. Nf3 Rad8
15. Bd3 e6 16. Bh6 Rfe8 17. Bxg7 Kxg7 18. Qg5 e5 19. d5 Nd4 20. Qd2 Nxf3+ 21.
gxf3 b5 22. h4 h6 23. Kf1 c4 24. Bb1 Qc7 25. Kg2 Qd6 26. Rcg1 a5 27. Kf1 b4 28.
Rg3 Rb8 29. Rhg1 bxc3 30. Qc1 Rb2 31. f4 Qb6 32. Bc2 0-1

[Event "Torneo Francisco Benko in Memorian"]
[Site "Buenos Aires ARG"]
[Date "2010.02.15"]
[Round "3.4"]
[White "Seidler, Aldo Emilio"]
[Black "Naspleda, Federico Daniel"]
[Result "0-1"]
[WhiteElo "2299"]
[BlackElo "2070"]
[PlyCount "74"]
[EventDate "2010.02.08"]
[EventType "swiss"]
[EventRounds "9"]
[EventCountry "ARG"]
[Source "lmi"]
[SourceDate "2010.02.08"]

1. e4 c5 2. Nf3 Nc6 3. d4 cxd4 4. Nxd4 Nf6 5. Nc3 e5 6. Ndb5 d6 7. a4 a6 8. Na3
Bg4 9. f3 Be6 10. Be3 Nb4 11. Nc4 d5 12. exd5 Nfxd5 13. Nxd5 Nxd5 14. Bf2 Bb4+
15. Nd2 Qg5 16. h4 Qh6 17. Qe2 Rd8 18. O-O-O O-O 19. Qxe5 f5 20. g3 Rfe8 21. f4
Bc8 22. Qb8 Qc6 23. Bd3 Qxa4 24. Nb1 Qa1 25. Qa7 Be6 26. Qxb7 Rb8 27. Qxa6 Ba5
28. Bd4 Nb4 29. Qxe6+ Rxe6 30. Bc4 Na2+ 31. Bxa2 Qxa2 32. Rh2 Rd6 33. c3 Bb6
34. Rc2 Rbd8 35. Rcd2 Bxd4 36. cxd4 Qc4+ 37. Rc2 Qa4 0-1

[Event "Torneo Francisco Benko in Memorian"]
[Site "Buenos Aires ARG"]
[Date "2010.02.15"]
[Round "3.5"]
[White "Samur, Arturo Angel"]
[Black "Filgueira, Hernan Ramon"]
[Result "1/2-1/2"]
[WhiteElo "2139"]
[BlackElo "2358"]
[PlyCount "60"]
[EventDate "2010.02.08"]
[EventType "swiss"]
[EventRounds "9"]
[EventCountry "ARG"]
[Source "lmi"]
[SourceDate "2010.02.08"]

1. e4 c5 2. Nf3 d6 3. d4 cxd4 4. Qxd4 a6 5. Be3 Nf6 6. Nc3 Ng4 7. Bg5 Nc6 8.
Qd2 f6 9. Bh4 e6 10. Bg3 Nh6 11. Be2 Be7 12. O-O O-O 13. Nd4 Qb6 14. Nb3 Qc7
15. a4 b6 16. Rfd1 Nf7 17. Qe1 Nb4 18. Rac1 Bd7 19. f4 Rfe8 20. Kh1 Bf8 21. Qf1
g6 22. Nd4 f5 23. Bc4 Bg7 24. Bb3 fxe4 25. Nxe4 Qb7 26. Ng5 Nxg5 27. fxg5 d5
28. Qe1 Nc6 29. Nxc6 Bxc6 30. Be5 Rad8 1/2-1/2

[Event "Torneo Francisco Benko in Memorian"]
[Site "Buenos Aires ARG"]
[Date "2010.02.15"]
[Round "3.7"]
[White "Ambrogi, Agustin"]
[Black "Farias, Guillermo"]
[Result "1-0"]
[WhiteElo "2262"]
[BlackElo "1937"]
[PlyCount "59"]
[EventDate "2010.02.08"]
[EventType "swiss"]
[EventRounds "9"]
[EventCountry "ARG"]
[Source "lmi"]
[SourceDate "2010.02.08"]

1. d4 Nf6 2. Bg5 Ne4 3. Bf4 c5 4. f3 Nf6 5. d5 d6 6. e4 g6 7. Qd2 Bg7 8. c4 b5
9. cxb5 a6 10. Na3 Qb6 11. Nc4 Qd8 12. b6 O-O 13. Bh6 Nbd7 14. Bxg7 Kxg7 15. b7
Bxb7 16. h4 h6 17. h5 g5 18. Ne3 Ng8 19. Nf5+ Kh7 20. Nh3 f6 21. f4 a5 22. Be2
Ba6 23. Bg4 gxf4 24. Nh4 Ne5 25. Bf5+ Kg7 26. Nxf4 Qb6 27. Ne6+ Kf7 28. Bg6+
Nxg6 29. hxg6+ Ke8 30. Nf5 1-0

[Event "Torneo Francisco Benko in Memorian"]
[Site "Buenos Aires ARG"]
[Date "2010.02.15"]
[Round "3.8"]
[White "Moccero, Eduardo Manuel"]
[Black "Ibar, Marcelo R"]
[Result "1/2-1/2"]
[WhiteElo "2054"]
[BlackElo "2221"]
[PlyCount "34"]
[EventDate "2010.02.08"]
[EventType "swiss"]
[EventRounds "9"]
[EventCountry "ARG"]
[Source "lmi"]
[SourceDate "2010.02.08"]

1. d4 Nf6 2. Nf3 c5 3. e3 g6 4. c4 Bg7 5. Nc3 d5 6. Be2 O-O 7. O-O cxd4 8. exd4
b6 9. Ne5 Bb7 10. Bf3 e6 11. Bg5 h6 12. cxd5 hxg5 13. dxe6 Bxf3 14. exf7+ Kh7
15. Qxf3 Qxd4 16. Nxg6 Kxg6 17. Qxa8 Nbd7 1/2-1/2

[Event "Torneo Francisco Benko in Memorian"]
[Site "Buenos Aires ARG"]
[Date "2010.02.15"]
[Round "3.9"]
[White "Echeguren, Gustavo"]
[Black "Anelli, Antonio Luis"]
[Result "1/2-1/2"]
[WhiteElo "2048"]
[BlackElo "2177"]
[PlyCount "104"]
[EventDate "2010.02.08"]
[EventType "swiss"]
[EventRounds "9"]
[EventCountry "ARG"]
[Source "lmi"]
[SourceDate "2010.02.08"]

1. Nf3 d6 2. c4 e5 3. Nc3 f5 4. d3 Nf6 5. g3 g6 6. Bg2 Bg7 7. O-O O-O 8. Qc2
Nc6 9. a3 h6 10. Rb1 g5 11. e3 f4 12. exf4 exf4 13. gxf4 g4 14. Ne1 Nd4 15. Qd1
Nh5 16. Bd5+ Kh8 17. Ng2 Nf6 18. Be4 Nxe4 19. dxe4 Nf3+ 20. Kh1 Qe8 21. Ne1
Bxc3 22. Nxf3 Bg7 23. Nd2 Rxf4 24. Qc2 b6 25. b4 Bb7 26. Bb2 Rxe4 27. Bxg7+
Kxg7 28. Kg1 Re5 29. b5 Qh5 30. Rb3 Qg5 31. Rg3 Qf4 32. Qc3 Kh7 33. Qd3+ Kh8
34. f3 Re3 35. Qg6 Rg8 36. Qxg8+ Kxg8 37. Rxg4+ Qxg4+ 38. fxg4 Rxa3 39. Re1 Ra2
40. Ne4 Kg7 41. Nxd6 Rg2+ 42. Kf1 cxd6 43. Re7+ Kf6 44. Rxb7 Rxg4 45. Rxa7 Rxc4
46. Rb7 Rb4 47. Rxb6 Ke5 48. Rb8 Kd5 49. Rh8 Rh4 50. Kg2 Kc5 51. Kg3 Rh5 52. h4
Kxb5 1/2-1/2

[Event "Torneo Francisco Benko in Memorian"]
[Site "Buenos Aires ARG"]
[Date "2010.02.15"]
[Round "3.10"]
[White "Rodriguez, Esteban Emilio"]
[Black "Benedetti, Claudio"]
[Result "1/2-1/2"]
[WhiteElo "2173"]
[BlackElo "2007"]
[PlyCount "84"]
[EventDate "2010.02.08"]
[EventType "swiss"]
[EventRounds "9"]
[EventCountry "ARG"]
[Source "lmi"]
[SourceDate "2010.02.08"]

1. e4 e6 2. d4 d5 3. Nd2 Nf6 4. e5 Nfd7 5. Bd3 c5 6. c3 Nc6 7. Ne2 cxd4 8. cxd4
f6 9. exf6 Nxf6 10. Nf3 Bd6 11. O-O O-O 12. Bf4 Bxf4 13. Nxf4 Ne4 14. Ne2 Rxf3
15. gxf3 Ng5 16. f4 Nh3+ 17. Kh1 Qh4 18. Qe1 Nxf4 19. Nxf4 Qxf4 20. Qe3 Qxd4
21. Qxd4 Nxd4 22. Rac1 Bd7 23. Rc7 Bc6 24. f4 Rf8 25. h4 Nf5 26. Rg1 Rf7 27.
Rc8+ Rf8 28. Rxf8+ Kxf8 29. Bxf5 exf5 30. Kh2 Kf7 31. h5 Kf6 32. Kh3 Bb5 33.
Rd1 Ke6 34. Kh4 Kd6 35. Kg5 Bd7 36. b4 Ba4 37. Rd2 Bd7 38. h6 gxh6+ 39. Kxh6
Bb5 40. Kxh7 Bf1 41. Kg6 Ke6 42. Rd1 Bh3 1/2-1/2

[Event "Torneo Francisco Benko in Memorian"]
[Site "Buenos Aires ARG"]
[Date "2010.02.17"]
[Round "4.1"]
[White "Naspleda, Federico Daniel"]
[Black "Obregon, Andres Carlos"]
[Result "0-1"]
[WhiteElo "2070"]
[BlackElo "2443"]
[PlyCount "68"]
[EventDate "2010.02.08"]
[EventType "swiss"]
[EventRounds "9"]
[EventCountry "ARG"]
[Source "lmi"]
[SourceDate "2010.02.08"]

1. e4 c5 2. b3 d6 3. f4 e5 4. Bb2 Nc6 5. Bb5 exf4 6. Qf3 Qh4+ 7. g3 fxg3 8.
hxg3 Qg4 9. Qg2 Bd7 10. Nc3 O-O-O 11. Nge2 a6 12. Bc4 Ne5 13. O-O-O Nxc4 14.
bxc4 Nf6 15. Kb1 Be7 16. d3 Bc6 17. Nf4 Kb8 18. Ka1 h5 19. Qf2 Qd7 20. Qe2 Rde8
21. Nxh5 Nxh5 22. Rxh5 Bf6 23. Rdh1 Rhf8 24. Qf3 Bxc3 25. Bxc3 f5 26. Rf1 g6
27. Rh2 Rg8 28. Re2 Qe6 29. Qf4 fxe4 30. d4 Qxc4 31. Qxd6+ Ka8 32. Qxc5 Qxe2
33. Rb1 Rc8 34. Rb6 Qxc2 0-1

[Event "Torneo Francisco Benko in Memorian"]
[Site "Buenos Aires ARG"]
[Date "2010.02.17"]
[Round "4.2"]
[White "Liascovich, Lucas Agustin"]
[Black "Bronstein, Luis Marcos"]
[Result "1-0"]
[WhiteElo "2425"]
[BlackElo "2363"]
[PlyCount "105"]
[EventDate "2010.02.08"]
[EventType "swiss"]
[EventRounds "9"]
[EventCountry "ARG"]
[Source "lmi"]
[SourceDate "2010.02.08"]

1. d4 Nf6 2. c4 e6 3. Nf3 d5 4. Nc3 Bb4 5. Bg5 Nbd7 6. e3 c5 7. cxd5 exd5 8.
Qc2 Qa5 9. Bd3 c4 10. Bf5 O-O 11. O-O Re8 12. Nd2 g6 13. Bxd7 Nxd7 14. h4 Nb6
15. f3 Na4 16. Nxd5 Bxd2 17. Nf6+ Kf8 18. Nxe8 Kxe8 19. Qe4+ Be6 20. Qxb7 Bxe3+
21. Bxe3 Bd5 22. Bd2 Bxb7 23. Bxa5 Nb6 24. Rfe1+ Kd7 25. Bxb6 axb6 26. a3 Ra5
27. Re5 Bd5 28. Rae1 Kd6 29. Kf2 c3 30. bxc3 Rxa3 31. R1e3 Ra2+ 32. Re2 Ra3 33.
R5e3 Bc4 34. Rd2 b5 35. g4 h6 36. Rb2 Ra1 37. Re1 Ra3 38. Rc1 Kd5 39. Kg3 g5
40. h5 Bd3 41. f4 f6 42. Kf3 Bc4 43. Ke3 Ra7 44. fxg5 fxg5 45. Rf2 Re7+ 46. Kd2
Re4 47. Rg1 b4 48. Rf5+ Ke6 49. cxb4 Rxd4+ 50. Kc3 Re4 51. Rc5 Bd5 52. Rd1 Bb7
53. Rd4 1-0